Normal view
MARC view
Entry Topical Term
001 - CONTROL NUMBER
- control field: 24157
003 - CONTROL NUMBER IDENTIFIER
- control field: dpl
005 - DATE AND TIME OF LATEST TRANSACTION
- control field: 20101108152231.0
008 - FIXED-LENGTH DATA ELEMENTS
- fixed length control field: 101108|||a|||||| | ||| d
040 ## - CATALOGING SOURCE
- Original cataloging agency: dpl
- Transcribing agency: dpl
150 ## - HEADING--TOPICAL TERM
- Topical term or geographic name as entry element: हिन्दी कविता
- General subdivision: इतिहास एवं समालोचना
670 ## - SOURCE DATA FOUND
- Source citation: Work cat.: (dpl)37738: शुक्ल, मृदुला 1503, आधुनिक हिन्दी कविता के विविध रंग /, 2010
670 ## - SOURCE DATA FOUND
- Source citation: Work cat.: (dpl)37738: शुक्ल, मृदुला 1503, आधुनिक हिन्दी कविता के विविध रंग /, 2010
